000 00458nam a2200193Ia 4500
003 0100
008 130303s9999 xx 000 0 und d
040 _cARRUPELIB
050 _aBD450.S68 1970
245 4 _aThe philosophy of the body
245 _brejections of Cartesian Dualism
260 _aChicago
260 _bQuadrangle Books
260 _C1970
300 _ax
300 _b 361p. 21cm.
700 _aSpicker, Stuart F (ed.)
942 0 0 _02
999 _c33935
_d33935